000 00507nam a2200121Ia 4500
008 220615s9999||||xx |||||||||||||| ||und||
245 0 _aAdvances in the Sociology of Trust and Cooperation
_bTheory, Experiments, and Field Studies
546 _aEnglish[eng]
650 _aAnalytical sociology||cooperation||trust||social networks||institutions
700 _aBuskens, Vincent||Corten, Rense||Snijders, Chris
856 _uhttps://library.oapen.org/bitstream/20.500.12657/46676/1/9783110647495.pdf
942 _cEB
999 _c13459
_d13459